Miesto a úloha peňazí v teoretických systémoch J.M. Keynesa a M. Friedmana
Nová filozofia chápania peňazí v koncepcii J.M. Keynesa. Keynesova teória úroku a programu štátneho regulovania ekonomiky. Renesancia významu peňazí v koncepcii friedmanovského monetarizmu. Monetaristický prístup k ekonomickému regulovaniu.
Salvato in:
| Autore principale: | |
|---|---|
| Natura: | Capitolo di libro |
| Lingua: | slovacco |
| Soggetti: | |
| Tags: |
Nessun Tag, puoi essere il primo ad aggiungerne!!
|
MARC
| LEADER | 00000naa a2200000 4500 | ||
|---|---|---|---|
| 001 | r017093 | ||
| 005 | 20221213092129.5 | ||
| 041 | 0 | |a slo | |
| 044 | |a SK | ||
| 245 | 1 | 0 | |a Miesto a úloha peňazí v teoretických systémoch J.M. Keynesa a M. Friedmana |c Vladimír Gonda |
| 520 | |a Nová filozofia chápania peňazí v koncepcii J.M. Keynesa. Keynesova teória úroku a programu štátneho regulovania ekonomiky. Renesancia významu peňazí v koncepcii friedmanovského monetarizmu. Monetaristický prístup k ekonomickému regulovaniu. | ||
| 610 | 2 | 0 | |a peniaze |
| 610 | 2 | 0 | |a monetarizmus |
| 610 | 2 | 0 | |a keynesizmus |
| 610 | 2 | 0 | |a Friedman, M. |
| 610 | 2 | 0 | |a Keynes, J.M. |
| 610 | 2 | 0 | |a teória peňažná |
| 610 | 2 | 0 | |a miera úroková |
| 610 | 2 | 0 | |a regulácia štátna |
| 610 | 2 | 0 | |a politika fiškálna |
| 610 | 2 | 0 | |a intervencionizmus štátny |
| 610 | 2 | 0 | |a zásoba peňažná |
| 610 | 2 | 0 | |a báza menová |
| 610 | 2 | 0 | |a multiplikátor |
| 100 | 1 | |a Gonda, Vladimír | |